Návrh uchytenia tlmičov vo vozidle Formula Student Electric

Saved in:
Bibliographic Details
Main Author: Kurčák, Peter (Author)
Other Authors: Magdolen, Ľuboš (Thesis advisor)
Format: Manuscript Book
Language:Slovak
Published: 2019
Subjects:
Online Access:http://is.stuba.sk/zp/portal_zp.pl?podrobnosti=146105
Tags: Add Tag
No Tags, Be the first to tag this record!

MARC

LEADER 00000ntm a22000003a 4500
001 stuzp70061
003 SK-STU
005 20190608210738.7
007 ta
008 150427s2015----xo-----f-mn---000-0-slo-d
040 |a STU  |b slo 
041 0 |a slo 
100 1 |a Kurčák, Peter  |u 020030  |4 aut  |U SjF Strojnícka fakulta  |T SjF Ústav dopravnej techniky a konštruovania  |X 76326  |U J0030  |Y 806  |7 76326 
242 0 1 |a Design of attachment of shock absorbers for Formula Student Electric  |y eng 
245 1 0 |a Návrh uchytenia tlmičov vo vozidle Formula Student Electric 
260 |c 2019 
650 4 |a Zavesenie  |2 slo 
650 4 |a Vahadlo  |2 slo 
650 4 |a Formula Student  |2 slo 
650 4 |a Náprava  |2 slo 
650 4 |a Attachment  |2 eng 
650 4 |a Bell crank  |2 eng 
650 4 |a Formula Student  |2 eng 
650 4 |a Suspension  |2 eng 
700 1 |a Magdolen, Ľuboš  |u 020030  |k Z1  |4 ths  |U SjF Strojnícka fakulta  |T SjF Ústav dopravnej techniky a konštruovania  |X 2362  |U J0030  |Y 806  |7 A00002362 
856 4 |u http://is.stuba.sk/zp/portal_zp.pl?podrobnosti=146105 
996 |b 284J045939  |c J* 3049/DBP  |l JJSK  |s A  |a 24  |w stuzp70061_0001